|
|
|
|
| LEADER |
00000nab a2200000 a 4500 |
| 001 |
vtls000749491 |
| 003 |
SK-MaSNL |
| 005 |
20260304015646.0 |
| 008 |
140228c2001 xo 0 slo |
| 015 |
|
|
|a SNBRB2001/02-06705
|
| 035 |
|
|
|a CLN000101301
|
| 040 |
|
|
|a SNKBUCL
|b slo
|c SNKBUCL
|e AACR2
|
| 041 |
0 |
|
|a slo
|
| 044 |
|
|
|a xo
|c SK
|
| 080 |
|
|
|a 342.4(437.6):342.53:342.537.4
|2 1997
|
| 080 |
|
|
|a 342.53
|2 1997
|
| 080 |
|
|
|a 342.537.4
|2 1997
|
| 100 |
1 |
|
|a Tettinger, Marek
|4 ain
|9 840327
|
| 245 |
1 |
0 |
|a L. Orosz k rozprave o ústave: Musíme vydržať
|b opozícia sa v parlamente venuje problémom, ktoré s ústavou nesúvisia
|c [zhováral sa] Marek Tettinger
|
| 300 |
|
|
|b Fotogr.
|
| 610 |
1 |
7 |
|a Slovensko.
|b Národná rada
|2 snkbucl
|9 165573
|
| 630 |
0 |
7 |
|a Ústava Slovenskej republiky
|x novelizácia
|y 2001
|2 snkbucl
|9 848452
|
| 655 |
|
7 |
|a články z novín a časopisov
|2 snkbucl
|9 267496
|
| 700 |
1 |
|
|a Orosz, Ladislav,
|d 1959-
|4 aut
|9 209825
|
| 773 |
0 |
|
|t Hospodárske noviny
|g Roč. 9, č. 30 (12.2.2001), s. 2
|x 1335-4701
|
| 850 |
|
|
|a Slovenská národná knižnica v Martine
|
| 852 |
|
|
|a SNK
|b KIS3GCP
|
| 958 |
|
|
|a SK
|
| 992 |
|
|
|a RBX
|
| 999 |
|
|
|c 2593021
|d 2594951
|